| 000 | 00924nas a2200301 4500 | ||
|---|---|---|---|
| 001 | BR0204772 | ||
| 003 | BR-BrBNA | ||
| 005 | 20231205103245.0 | ||
| 007 | ta | ||
| 008 | 230509b bl.|||p| |||| 00| 00por d | ||
| 040 |
_aBR-BrBNA _bpor _cBiblioteca Nacional de Agricultura |
||
| 041 | _a(Pt) | ||
| 072 | _aH60; F04 | ||
| 100 | 1 | _aSeverino, F.J. | |
| 100 | 1 | _aChristoffoleti, P.J. | |
| 245 | 1 | _aSeletividade de herbicidas aplicados em pré e pós-emergência do adubo verde perene Arachis pintoi | |
| 650 | _aLEGUMINOSA FORRAGEIRA | ||
| 650 | _aADUBO VERDE | ||
| 650 | _aTOXIDEZ | ||
| 650 | _aPRÉ-EMERGÊNCIA | ||
| 650 | _aPÓS-EMERGÊNCIA | ||
| 650 | _aBIOMASSA | ||
| 650 | _aHERBICIDA | ||
| 650 | _aERVA DANINHA | ||
| 773 | 0 |
_tRevista Brasileira de Herbicidas (Brazil) _xISSN 1517-9443 _g(Jan-Aug 2001), v. 2(1-2) p. 13-17 _wBR0204772 |
|
| 909 |
_a202311 _bLúcia _c55 _dLúcia Elande |
||
| 942 |
_2AGRIS _n0 _cANA |
||
| 999 |
_c171919 _d171919 |
||